| Tag |
First Indicator |
Second Indicator |
Subfields |
| LEADER |
00000cam a2200000 a 4500 |
| 001 |
in00001352012 |
| 005 |
20151006071001.0 |
| 007 |
hd afu---baca |
| 008 |
850423s1842 nyu a 000 0 eng d |
| 035 |
|
|
|a (OCoLC)11954272
|
| 035 |
|
|
|9 AHH2088AM
|
| 040 |
|
|
|a YGM
|c IBS
|d POF
|d UtOrBLW
|
| 049 |
|
|
|a TXAI
|
| 090 |
|
|
|a PS586
|b .A450 pt. 2, no. 616
|
| 099 |
|
|
|a film
|a B
|a 3870
|a Segment II, no. 616)
|
| 100 |
1 |
|
|a Dann, Amos.
|
| 245 |
1 |
0 |
|a Glimpses of light and shape :
|b a poem read before the Euglossian Society of Geneva College, at the annual commencement of that institution, August 3, 1842 /
|c by Amos Dann.
|
| 264 |
|
1 |
|a Geneva, N.Y. :
|b Euglossian Society,
|c 1842
|
| 264 |
|
3 |
|b J. Stow
|
| 300 |
|
|
|a 22 pages ;
|c 23 cm.
|
| 336 |
|
|
|a text
|b txt
|2 rdacontent
|
| 337 |
|
|
|a microform
|b h
|2 rdamedia
|
| 338 |
|
|
|a microfilm reel
|b hd
|2 rdacarrier
|
| 500 |
|
|
|a Imperfect: page 22 lacking.
|
| 533 |
|
|
|a Microfilm.
|b New Haven, Conn. :
|c Research Publications,
|d 1975.
|e 1 microfilm reel ; 35 mm.
|f (American Poetry, 1609-1900 ; Segment II, no. 616)
|
| 539 |
|
|
|a s
|b 1975
|d ctu
|e n
|
| 500 |
|
|
|a Microform.
|
| 999 |
|
|
|a MARS
|
| 999 |
f |
f |
|s be09a889-ee2f-3ffa-942a-e7fcb94af454
|i ddef69cc-8d4f-3494-a109-21b9fc446b6f
|t 0
|
| 952 |
f |
f |
|p default
|a Texas A&M University
|b College Station
|c Sterling C. Evans Library
|d Evans: Microforms (3rd floor)
|t 0
|e film B 3870 Segment II, no. 616
|h Other scheme
|i microform -- microfilm reel
|
| 998 |
f |
f |
|a film B 3870 Segment II, no. 616
|t 0
|l Evans: Microforms (3rd floor)
|